[Event "3. Memorial Pedro Lezcano 2010"]
[Site "Gran Canaria ESP"]
[Date "2010.03.31"]
[Round "3.5"]
[White "Gonzalez Intelangelo, Gerardo"]
[Black "Ortega Hermida, Daniel"]
[Result "0-1"]
[WhiteElo "2095"]
[BlackElo "2389"]
[PlyCount "80"]
[EventDate "2010.03.29"]
[EventType "swiss"]
[EventRounds "9"]
[EventCountry "ESP"]
[Source "lmi"]
[SourceDate "2010.03.29"]

1. Nf3 Nf6 2. g3 d5 3. Bg2 c5 4. d3 Nc6 5. Nbd2 g6 6. O-O Bg7 7. c3 O-O 8. e4
e5 9. exd5 Nxd5 10. a4 h6 11. Re1 Re8 12. Nc4 Bf5 13. Nh4 Be6 14. Nf3 Qc7 15.
Qe2 Rad8 16. Nfd2 b6 17. Nf1 Qd7 18. Nfe3 Nde7 19. Bf1 f5 20. Nd2 Bf7 21. Nec4
Nd5 22. Qd1 Nf6 23. Qc2 Nh7 24. b3 Nf6 25. Bb2 Nd5 26. Rad1 a6 27. Nf3 b5 28.
axb5 axb5 29. Ne3 Nc7 30. Bg2 Rc8 31. Nd2 Red8 32. Bf1 Ne6 33. Qb1 h5 34. Nf3
Bf6 35. Ba1 f4 36. Ng2 Ng5 37. Nxg5 Bxg5 38. d4 exd4 39. Bxb5 f3 40. Ne3 Qh3
0-1